[Event "GER-ch Net blitz qual1"]
[Site "Playchess.com INT"]
[Date "2020.03.07"]
[Round "4"]
[White "Marmann, Jan"]
[Black "Schoenbuchner, Gerhard"]
[Result "0-1"]
[WhiteElo "1588"]
[BlackElo "1766"]
[PlyCount "54"]
[EventDate "2020.03.07"]
[EventType "swiss (blitz)"]
[EventRounds "9"]
[EventCountry "GER"]
[SourceTitle "CBM 195 Extra"]
[Source "ChessBase"]
[SourceDate "2020.05.31"]
[SourceVersion "1"]
[SourceVersionDate "2020.05.31"]
[SourceQuality "1"]

1. e4 e5 2. Nf3 Nc6 3. d4 exd4 4. Bc4 d6 5. c3 Bg4 6. 0-0 dxc3 7. Bxf7+ Kxf7 8. Ng5+ Qxg5 9. Bxg5 Bxd1 10. Nxc3 Bh5 11. Nd5 Rc8 12. f4 Nge7 13. Ne3 h6 14. Bh4 Kg8 15. g4 Be8 16. f5 Ne5 17. Rf2 Bc6 18. f6 gxf6 19. Bxf6 Rh7 20. Rf4 N7g6 21. Rf2 Bxe4 22. Raf1 Rf7 23. g5 hxg5 24. Bxg5 Rxf2 25. Rxf2 Nf3+ 26. Kf1 Nxg5 27. Ng4 Bg7 0-1

[Event "RN-2014-0-00870"]
[Site "LSS email"]
[Date "2014.11.16"]
[Round "?"]
[White "Lenz, Juergen"]
[Black "Schoenbuchner, Gerhard"]
[Result "1-0"]
[WhiteElo "905"]
[BlackElo "1013"]
[PlyCount "69"]
[EventDate "2014.11.07"]
[EventType "tourn (corr)"]
[EventRounds "6"]
[EventCountry "GER"]
[SourceTitle "Corr 2015"]
[Source "ChessBase"]
[SourceDate "2015.07.17"]
[SourceVersion "1"]
[SourceVersionDate "2015.07.17"]
[SourceQuality "1"]

1. d4 e5 2. dxe5 Nc6 3. Nf3 Nge7 4. g3 Ng6 5. Bg2 Ngxe5 6. Nxe5 Nxe5 7. 0-0 d6 8. e4 Be6 9. f4 Nc6 10. Be3 f6 11. Nc3 Be7 12. Nd5 0-0 13. c4 Qd7 14. Qc2 f5 15. Rad1 fxe4 16. Bxe4 g6 17. b4 Nd8 18. Nxe7+ Qxe7 19. Bc1 Qf7 20. Bd5 Nc6 21. Bb2 Bxd5 22. cxd5 Qf5 23. Qc3 Kf7 24. Rde1 Rg8 25. dxc6 bxc6 26. Qxc6 Rac8 27. Re4 Rge8 28. Rfe1 Rxe4 29. Qxe4 Qxe4 30. Rxe4 Re8 31. Rxe8 Kxe8 32. b5 Kd7 33. Kf2 c5 34. a4 d5 35. a5 1-0

[Event "RF-2014-0-00192"]
[Site "LSS email"]
[Date "2014.07.21"]
[Round "?"]
[White "Schoenbuchner, Gerhard"]
[Black "Slavin, Pablo"]
[Result "0-1"]
[WhiteElo "920"]
[BlackElo "987"]
[PlyCount "56"]
[EventDate "2014.05.28"]
[EventType "tourn (corr)"]
[EventRounds "6"]
[EventCountry "GER"]
[SourceTitle "Corr 2015"]
[Source "ChessBase"]
[SourceDate "2015.07.17"]
[SourceVersion "1"]
[SourceVersionDate "2015.07.17"]
[SourceQuality "1"]

1. e4 c5 2. Nc3 Nc6 3. d3 e6 4. Be3 d5 5. exd5 exd5 6. d4 c4 7. Nf3 Nf6 8. Be2 Bd6 9. Qd2 Bb4 10. Bg5 Be6 11. 0-0 h6 12. Bh4 Be7 13. Rfe1 0-0 14. Bg3 a6 15. b3 Bb4 16. Bh4 Qa5 17. Bxf6 Bxc3 18. Qf4 Bxa1 19. Rxa1 gxf6 20. Qxh6 Ne7 21. Qxf6 Ng6 22. Qg5 cxb3 23. cxb3 Qd8 24. Qh6 Qf6 25. Bd3 Qg7 26. Qg5 Rac8 27. h4 Rc3 28. Rd1 Rfc8 0-1

[Event "RF-2014-0-00192"]
[Site "LSS email"]
[Date "2014.07.13"]
[Round "?"]
[White "Hogan, Bernardo"]
[Black "Schoenbuchner, Gerhard"]
[Result "1-0"]
[WhiteElo "1238"]
[BlackElo "920"]
[PlyCount "23"]
[EventDate "2014.05.28"]
[EventType "tourn (corr)"]
[EventRounds "6"]
[EventCountry "GER"]
[SourceTitle "Corr 2015"]
[Source "ChessBase"]
[SourceDate "2015.07.17"]
[SourceVersion "1"]
[SourceVersionDate "2015.07.17"]
[SourceQuality "1"]

1. d4 e5 2. dxe5 Nc6 3. Nf3 Nge7 4. Bg5 h6 5. Bd2 Ng6 6. Bc3 Qe7 7. Qd5 Nf4 8. Qe4 Ng6 9. e3 d6 10. Bb5 Bd7 11. e6 fxe6 12. Qxg6+ 1-0

[Event "RF-2014-0-00192"]
[Site "LSS email"]
[Date "2014.07.13"]
[Round "?"]
[White "Schoenbuchner, Gerhard"]
[Black "Lenz, Juergen"]
[Result "0-1"]
[WhiteElo "920"]
[BlackElo "947"]
[PlyCount "86"]
[EventDate "2014.05.28"]
[EventType "tourn (corr)"]
[EventRounds "6"]
[EventCountry "GER"]
[SourceTitle "Corr 2015"]
[Source "ChessBase"]
[SourceDate "2015.07.17"]
[SourceVersion "1"]
[SourceVersionDate "2015.07.17"]
[SourceQuality "1"]

1. e4 Nf6 2. d3 d5 3. e5 Nfd7 4. d4 c5 5. c3 e6 6. Nf3 Nc6 7. Be3 Qb6 8. b3 a5 9. Bd3 cxd4 10. cxd4 Bb4+ 11. Nbd2 Ba3 12. 0-0 Nb4 13. Be2 0-0 14. Re1 f6 15. Nf1 fxe5 16. dxe5 Qc7 17. Bd3 Bb2 18. Rb1 Bc3 19. Re2 Nxe5 20. Nxe5 Bxe5 21. a3 Nc6 22. Ng3 Bd6 23. Qc2 g6 24. Bh6 Rf7 25. h3 Bxg3 26. fxg3 Qxg3 27. Be3 e5 28. Qc5 Be6 29. Bf2 Qg5 30. Kh1 Raf8 31. Be3 Qh4 32. Kg1 e4 33. Bb5 Ne5 34. Qd6 Nf3+ 35. gxf3 Bxh3 36. Qxd5 Qg3+ 37. Kh1 Qxf3+ 38. Kh2 Bd7 39. Bc4 b5 40. Bxb5 Qh3+ 41. Kg1 Be6 42. Qxe4 Rf1+ 43. Rxf1 Rxf1# 0-1

[Event "WC-2018-P-00017"]
[Site "LSS email"]
[Date "2014.02.03"]
[Round "?"]
[White "Albesa, Alfredo Ricardo"]
[Black "Schoenbuchner, Gerhard"]
[Result "0-1"]
[WhiteElo "1314"]
[BlackElo "1013"]
[PlyCount "44"]
[EventDate "2014.02.10"]
[EventType "tourn (corr)"]
[EventRounds "12"]
[EventCountry "GER"]
[SourceTitle "Corr 2015"]
[Source "ChessBase"]
[SourceDate "2015.07.17"]
[SourceVersion "1"]
[SourceVersionDate "2015.07.17"]
[SourceQuality "1"]

1. e4 e5 2. Nf3 d6 3. d4 exd4 4. Nxd4 Bd7 5. Nc3 Nc6 6. Bb5 Nge7 7. Be3 Nxd4 8. Bxd7+ Qxd7 9. Qxd4 Nc6 10. Qa4 Be7 11. Nd5 0-0 12. 0-0 a6 13. Qb3 b5 14. a4 Ne5 15. Qc3 Rac8 16. axb5 axb5 17. f4 Nc4 18. Bd4 f6 19. Ra7 Qd8 20. b3 Nb6 21. Bxb6 Qd7 22. Rxc7 Rxc7 0-1

[Event "WC-2018-P-00017"]
[Site "LSS email"]
[Date "2014.02.03"]
[Round "?"]
[White "Dard, Michel"]
[Black "Schoenbuchner, Gerhard"]
[Result "1-0"]
[WhiteElo "2112"]
[BlackElo "1013"]
[PlyCount "33"]
[EventDate "2014.02.10"]
[EventType "tourn (corr)"]
[EventRounds "12"]
[EventCountry "GER"]
[SourceTitle "Corr 2015"]
[Source "ChessBase"]
[SourceDate "2015.07.17"]
[SourceVersion "1"]
[SourceVersionDate "2015.07.17"]
[SourceQuality "1"]

1. d4 e5 2. dxe5 Nc6 3. Nf3 Nge7 4. Nc3 Ng6 5. Bg5 Be7 6. Bxe7 Ngxe7 7. e3 Ng6 8. Qd5 0-0 9. Bd3 Qe7 10. Bxg6 hxg6 11. 0-0-0 Re8 12. Nb5 Qd8 13. h4 a6 14. Nc3 Qe7 15. h5 gxh5 16. Rxh5 Nb4 17. Rdh1 1-0

[Event "WC-2018-P-00017"]
[Site "LSS email"]
[Date "2014.02.03"]
[Round "?"]
[White "Glowatzky, Tihomir"]
[Black "Schoenbuchner, Gerhard"]
[Result "1-0"]
[WhiteElo "1923"]
[BlackElo "1013"]
[PlyCount "48"]
[EventDate "2014.02.10"]
[EventType "tourn (corr)"]
[EventRounds "12"]
[EventCountry "GER"]
[SourceTitle "Corr 2015"]
[Source "ChessBase"]
[SourceDate "2015.07.17"]
[SourceVersion "1"]
[SourceVersionDate "2015.07.17"]
[SourceQuality "1"]

1. Nc3 e5 2. Nf3 d6 3. d4 exd4 4. Nxd4 Nf6 5. e4 Be7 6. Bf4 Bd7 7. Qd2 Nc6 8. 0-0-0 0-0 9. f3 Nxd4 10. Qxd4 Bc6 11. Bc4 Qd7 12. g4 Ne8 13. h4 b5 14. Bf1 a6 15. Kb1 Qe6 16. Nd5 Bxd5 17. exd5 Qc8 18. Bd3 c5 19. Qe4 Nf6 20. Qxe7 Nxd5 21. Bxh7+ Kxh7 22. Rxd5 Qe6 23. Rh5+ Kg8 24. Bxd6 Qd5 1-0

[Event "WC-2018-P-00017"]
[Site "LSS email"]
[Date "2014.02.03"]
[Round "?"]
[White "Schoenbuchner, Gerhard"]
[Black "Albesa, Alfredo Ricardo"]
[Result "1-0"]
[WhiteElo "1013"]
[BlackElo "1314"]
[PlyCount "45"]
[EventDate "2014.02.10"]
[EventType "tourn (corr)"]
[EventRounds "12"]
[EventCountry "GER"]
[SourceTitle "Corr 2015"]
[Source "ChessBase"]
[SourceDate "2015.07.17"]
[SourceVersion "1"]
[SourceVersionDate "2015.07.17"]
[SourceQuality "1"]

1. e4 c5 2. Nc3 Nc6 3. d3 Nf6 4. Bg5 e6 5. Qd2 d5 6. exd5 exd5 7. 0-0-0 Be7 8. Nf3 h6 9. Bh4 d4 10. Ne2 a5 11. c3 0-0 12. Bg3 a4 13. cxd4 cxd4 14. Kb1 a3 15. b3 Bb4 16. Qc2 Nd5 17. Rc1 Bc3 18. Nxc3 Nxc3+ 19. Ka1 Nb4 20. Qd2 Nbxa2 21. Nxd4 Nxc1 22. Qxc3 Qxd4 23. Qxd4 1-0

[Event "WC-2018-P-00017"]
[Site "LSS email"]
[Date "2014.02.03"]
[Round "?"]
[White "Schoenbuchner, Gerhard"]
[Black "Dard, Michel"]
[Result "0-1"]
[WhiteElo "1013"]
[BlackElo "2112"]
[PlyCount "30"]
[EventDate "2014.02.10"]
[EventType "tourn (corr)"]
[EventRounds "12"]
[EventCountry "GER"]
[SourceTitle "Corr 2015"]
[Source "ChessBase"]
[SourceDate "2015.07.17"]
[SourceVersion "1"]
[SourceVersionDate "2015.07.17"]
[SourceQuality "1"]

1. e4 e6 2. d4 d5 3. exd5 exd5 4. Nc3 Nf6 5. Bg5 Be7 6. Nf3 0-0 7. Qd2 Ne4 8. Nxe4 dxe4 9. Bxe7 Qxe7 10. Ne5 Be6 11. Bc4 Rd8 12. Bxe6 Qxe6 13. c3 f6 14. Qh6 gxh6 15. Nf7 Kxf7 0-1

[Event "WC-2018-P-00017"]
[Site "LSS email"]
[Date "2014.02.03"]
[Round "?"]
[White "Schoenbuchner, Gerhard"]
[Black "Glowatzky, Tihomir"]
[Result "0-1"]
[WhiteElo "1013"]
[BlackElo "1923"]
[PlyCount "34"]
[EventDate "2014.02.10"]
[EventType "tourn (corr)"]
[EventRounds "12"]
[EventCountry "GER"]
[SourceTitle "Corr 2015"]
[Source "ChessBase"]
[SourceDate "2015.07.17"]
[SourceVersion "1"]
[SourceVersionDate "2015.07.17"]
[SourceQuality "1"]

1. e4 d5 2. exd5 Qxd5 3. Nc3 Qa5 4. d4 Nf6 5. Bd3 Nc6 6. d5 Nxd5 7. Bd2 Ndb4 8. Be2 Bf5 9. Bd3 Nxd3+ 10. cxd3 Nb4 11. Nf3 Nxd3+ 12. Kf1 0-0-0 13. Qb3 e6 14. Nb5 Qa6 15. Ne5 Nxe5 16. Bf4 Rd3 17. Qb4 Bxb4 0-1

[Event "WC-2018-P-00017"]
[Site "LSS email"]
[Date "2014.02.03"]
[Round "?"]
[White "Schoenbuchner, Gerhard"]
[Black "Sampaio Vianna Braga, Carlos Fernando"]
[Result "0-1"]
[WhiteElo "1013"]
[BlackElo "1349"]
[PlyCount "74"]
[EventDate "2014.02.10"]
[EventType "tourn (corr)"]
[EventRounds "12"]
[EventCountry "GER"]
[SourceTitle "Corr 2015"]
[Source "ChessBase"]
[SourceDate "2015.07.17"]
[SourceVersion "1"]
[SourceVersionDate "2015.07.17"]
[SourceQuality "1"]

1. e4 c6 2. Nc3 d5 3. exd5 cxd5 4. d4 Nc6 5. Be3 Nf6 6. Bd3 e6 7. Qd2 Bb4 8. Nge2 0-0 9. 0-0 Bd7 10. a3 Be7 11. f4 a6 12. Ng3 Ng4 13. Rae1 Nxe3 14. Qxe3 Bf6 15. Nce2 Qb6 16. Nh5 Bxd4 17. Nxd4 Qxd4 18. Qxd4 Nxd4 19. c3 Nc6 20. g4 Rfe8 21. f5 exf5 22. gxf5 f6 23. Rxe8+ Rxe8 24. Nf4 Ne5 25. Bc2 Bc6 26. Bb3 Nc4 27. Bxc4 dxc4 28. Ne6 Be4 29. Nc5 Bd5 30. Kf2 Re5 31. Kg3 Bc6 32. b4 Re3+ 33. Kf4 Rxc3 34. Rd1 Rf3+ 35. Kg4 h5+ 36. Kxh5 Rf4 37. Kg6 Be8# 0-1

[Event "RF-2013-0-00177"]
[Site "LSS email"]
[Date "2014.01.28"]
[Round "?"]
[White "Trevis, Robert R"]
[Black "Schoenbuchner, Gerhard"]
[Result "0-1"]
[WhiteElo "1008"]
[BlackElo "1004"]
[PlyCount "72"]
[EventDate "2013.12.24"]
[EventType "tourn (corr)"]
[EventRounds "6"]
[EventCountry "GER"]
[SourceTitle "Telechess CBM 167"]
[Source "ChessBase"]
[SourceDate "2015.07.13"]
[SourceVersion "1"]
[SourceVersionDate "2015.07.13"]
[SourceQuality "1"]

1. e4 e5 2. Nf3 d6 3. d4 exd4 4. Nxd4 Nf6 5. Nc3 Be6 6. Nxe6 fxe6 7. Bc4 Qe7 8. 0-0 Nc6 9. Bg5 h6 10. Bh4 g5 11. Bg3 0-0-0 12. f4 gxf4 13. Rxf4 e5 14. Rf1 Bg7 15. Bh4 Rdf8 16. Qe2 Qe8 17. Rad1 Nd4 18. Qd2 Qg6 19. Rde1 h5 20. Bg5 Bh6 21. Bxh6 Rxh6 22. a3 h4 23. b3 a6 24. b4 Rh5 25. a4 Qg7 26. b5 axb5 27. axb5 Ng4 28. Rxf8+ Qxf8 29. Rf1 Qg7 30. Rf7 Qg6 31. b6 c6 32. Rc7+ Kb8 33. Rd7 Rh8 34. Rf7 h3 35. g3 Qxf7 36. Bxf7 Nf3+ 0-1

[Event "OP-2014-0-03230"]
[Site "LSS email"]
[Date "2014.01.10"]
[Round "?"]
[White "Schoenbuchner, Gerhard"]
[Black "Raines, David T"]
[Result "1-0"]
[WhiteElo "1025"]
[BlackElo "898"]
[PlyCount "69"]
[EventDate "2014.01.06"]
[EventType "tourn (corr)"]
[EventRounds "4"]
[EventCountry "GER"]
[SourceTitle "Telechess CBM 167"]
[Source "ChessBase"]
[SourceDate "2015.07.13"]
[SourceVersion "1"]
[SourceVersionDate "2015.07.13"]
[SourceQuality "1"]

1. e4 c5 2. Nc3 d6 3. d3 g6 4. f4 Bg7 5. g3 Nc6 6. Nf3 Bg4 7. Bg2 Nf6 8. 0-0 0-0 9. Be3 Bd7 10. Rb1 Ng4 11. Bd2 f5 12. h3 Nh6 13. Be3 e5 14. fxe5 Nxe5 15. Qd2 Nhf7 16. exf5 Bxf5 17. Nxe5 Nxe5 18. Bxb7 Kh8 19. Bxa8 Qxa8 20. Qg2 Qc8 21. g4 Bd7 22. Rxf8+ Bxf8 23. Rf1 Bc6 24. Qf2 Be7 25. Qf4 Kg8 26. Ne4 Qd8 27. d4 cxd4 28. Bxd4 Qc7 29. Bxe5 dxe5 30. Qf7+ Kh8 31. Ng5 Bc5+ 32. Rf2 Bxf2+ 33. Kxf2 Qb6+ 34. Ke2 Qb5+ 35. Ke1 1-0

[Event "OP-2014-0-03230"]
[Site "LSS email"]
[Date "2014.01.10"]
[Round "?"]
[White "Schoenbuchner, Gerhard"]
[Black "Vontina, Maria"]
[Result "1/2-1/2"]
[WhiteElo "1025"]
[BlackElo "717"]
[PlyCount "83"]
[EventDate "2014.01.06"]
[EventType "tourn (corr)"]
[EventRounds "4"]
[EventCountry "GER"]
[SourceTitle "Telechess CBM 167"]
[Source "ChessBase"]
[SourceDate "2015.07.13"]
[SourceVersion "1"]
[SourceVersionDate "2015.07.13"]
[SourceQuality "1"]

1. e4 e6 2. d4 d5 3. exd5 exd5 4. Nc3 Bb4 5. Bd2 Nf6 6. Bd3 0-0 7. Nf3 Bg4 8. 0-0 c6 9. Be2 Nbd7 10. Ne5 Bxe2 11. Qxe2 Re8 12. Qf3 Bd6 13. Nxd7 Qxd7 14. Rfe1 Rxe1+ 15. Rxe1 Re8 16. Rxe8+ Qxe8 17. Kf1 Nd7 18. g3 Nb6 19. Bf4 Bxf4 20. Qxf4 Nc4 21. b3 Nb6 22. Qc7 Qc8 23. Qd6 Nd7 24. f3 Nf6 25. Ne2 h6 26. c4 dxc4 27. bxc4 Ne8 28. Qe7 Nf6 29. Nf4 Qd7 30. Qxd7 Nxd7 31. Ke2 Kf8 32. Kd3 Ke7 33. a4 Nb6 34. a5 Nd7 35. d5 Kd6 36. dxc6 Kxc6 37. Nd5 Kd6 38. Kd4 Nc5 39. Kc3 Nd7 40. Kd4 Nc5 41. Kc3 Nd7 42. Kd4 1/2-1/2

[Event "RF-2013-0-00174"]
[Site "LSS email"]
[Date "2014.01.09"]
[Round "?"]
[White "Schoenbuchner, Gerhard"]
[Black "Trevis, Robert R"]
[Result "1-0"]
[WhiteElo "1004"]
[BlackElo "1008"]
[PlyCount "107"]
[EventDate "2013.11.06"]
[EventType "tourn (corr)"]
[EventRounds "6"]
[EventCountry "GER"]
[SourceTitle "Telechess CBM 167"]
[Source "ChessBase"]
[SourceDate "2015.07.13"]
[SourceVersion "1"]
[SourceVersionDate "2015.07.13"]
[SourceQuality "1"]

1. e4 e5 2. Nf3 Nc6 3. Bc4 Bc5 4. Nc3 Nf6 5. d3 d6 6. Be3 Bxe3 7. fxe3 Na5 8. Bb3 0-0 9. 0-0 c6 10. Qd2 Nxb3 11. axb3 Be6 12. d4 Qc7 13. Ng5 Bg4 14. Qf2 Rae8 15. Qh4 d5 16. Rxf6 h6 17. Rxf7 Qc8 18. Rxf8+ Rxf8 19. Nf3 Bxf3 20. gxf3 Rxf3 21. exd5 Rxe3 22. dxe5 Rxe5 23. dxc6 Rg5+ 24. Kf1 Rf5+ 25. Ke1 Qe6+ 26. Ne2 Qxc6 27. Qc4+ Qxc4 28. bxc4 a6 29. Ra3 g6 30. Rc3 Rh5 31. h3 Rh4 32. Nc1 Kf7 33. Nb3 Re4+ 34. Kd2 Rf4 35. Nc5 Rd4+ 36. Ke3 Rh4 37. Ke2 b5 38. cxb5 axb5 39. Na6 Kf6 40. Nc7 b4 41. Rb3 Ke5 42. Na6 Re4+ 43. Kd2 Rd4+ 44. Kc1 Rh4 45. Nxb4 Kd6 46. Kd2 Rh5 47. Rg3 Kd7 48. c4 Rh4 49. b3 g5 50. Rc3 g4 51. hxg4 Rxg4 52. Nd5 Kc6 53. Ne3 Rg1 54. b4 1-0

[Event "RF-2013-0-00174"]
[Site "LSS email"]
[Date "2014.01.06"]
[Round "?"]
[White "Schoenbuchner, Gerhard"]
[Black "Slavin, Pablo"]
[Result "0-1"]
[WhiteElo "1004"]
[BlackElo "1087"]
[PlyCount "56"]
[EventDate "2013.11.06"]
[EventType "tourn (corr)"]
[EventRounds "6"]
[EventCountry "GER"]
[SourceTitle "Telechess CBM 167"]
[Source "ChessBase"]
[SourceDate "2015.07.13"]
[SourceVersion "1"]
[SourceVersionDate "2015.07.13"]
[SourceQuality "1"]

1. e4 c5 2. Nc3 e6 3. d3 Nc6 4. Be3 d5 5. exd5 exd5 6. d4 c4 7. Qd2 Nf6 8. 0-0-0 Bb4 9. f3 Qa5 10. Nge2 0-0 11. Qe1 Bxc3 12. Nxc3 Bf5 13. g4 Be6 14. Kb1 b5 15. Bd2 b4 16. Ne2 Rab8 17. c3 Qb5 18. Nf4 Rfe8 19. Nxe6 Rxe6 20. Qf2 a5 21. g5 Nh5 22. f4 Qa4 23. Qf3 bxc3 24. Bxc3 Nb4 25. Qxh5 Qc2+ 26. Ka1 Qxc3 27. Kb1 Nc2 28. b3 Na3# 0-1

[Event "Niederbayernliga 1314"]
[Site "Bayern"]
[Date "2014.??.??"]
[Round "9"]
[White "Schoenbuchner, Gerhard"]
[Black "Wiedmann, Klaus"]
[Result "1/2-1/2"]
[WhiteElo "1770"]
[BlackElo "1970"]
[PlyCount "67"]
[EventDate "2013.10.13"]
[EventType "team-tourn"]
[EventRounds "9"]
[EventCountry "GER"]
[SourceTitle "EXT 2023"]
[Source "ChessBase"]
[SourceDate "2022.10.05"]
[SourceVersion "1"]
[SourceVersionDate "2022.10.05"]
[SourceQuality "1"]
[WhiteTeam "Aidenbach"]
[BlackTeam "Rottal II"]
[WhiteTeamCountry "GER"]
[BlackTeamCountry "GER"]

1. e4 e5 2. Nf3 Nc6 3. Bc4 Nf6 4. d3 Be7 5. Nc3 d6 6. Bg5 0-0 7. Qd2 Na5 8. Bb3 Nxb3 9. axb3 Bg4 10. Qe3 a6 11. 0-0 h6 12. Bh4 Nd7 13. Bxe7 Qxe7 14. Nd2 c6 15. f4 f6 16. f5 Bh5 17. Nf3 Rfd8 18. d4 Bf7 19. Rad1 d5 20. dxe5 Nxe5 21. Nxe5 Qxe5 22. Qb6 d4 23. Na4 Qxe4 24. Rde1 Qxc2 25. Nc5 Re8 26. Ne6 Qxb2 27. Qxb7 Rab8 28. Qd7 Qxb3 29. Rf3 Qd5 30. Qc7 Rbc8 31. Qb7 Rb8 32. Qc7 Rbc8 33. Qb7 Rb8 34. Qc7 1/2-1/2

[Event "RF-2013-0-00162"]
[Site "LSS email"]
[Date "2013.08.10"]
[Round "?"]
[White "Hickl, Norbert"]
[Black "Schoenbuchner, Gerhard"]
[Result "1-0"]
[WhiteElo "942"]
[BlackElo "1033"]
[PlyCount "43"]
[EventDate "2013.06.12"]
[EventType "tourn (corr)"]
[EventRounds "6"]
[EventCountry "GER"]
[SourceTitle "Telechess CBM 163"]
[Source "ChessBase"]
[SourceDate "2014.11.11"]
[SourceVersion "2"]
[SourceVersionDate "2014.11.11"]
[SourceQuality "1"]

1. c4 e5 2. g3 d6 3. Bg2 Nc6 4. Nc3 Be6 5. d3 Qd7 6. Nf3 0-0-0 7. Be3 h6 8. Qa4 Kb8 9. b4 b6 10. b5 Nce7 11. Nd2 Nf5 12. 0-0 Nxe3 13. fxe3 Bh3 14. Bxh3 Qe7 15. Nd5 Qg5 16. Rxf7 Ne7 17. Nxc7 Qxe3+ 18. Kh1 Qxd2 19. Ne6 Re8 20. Raf1 Ng6 21. Qxa7+ Kc8 22. Qc7# 1-0

[Event "RF-2013-0-00161"]
[Site "LSS email"]
[Date "2013.07.29"]
[Round "?"]
[White "Tittarelli, Adriano"]
[Black "Schoenbuchner, Gerhard"]
[Result "1-0"]
[WhiteElo "1043"]
[BlackElo "1033"]
[PlyCount "37"]
[EventDate "2013.06.09"]
[EventType "tourn (corr)"]
[EventRounds "6"]
[EventCountry "GER"]
[SourceTitle "Corr 2015"]
[Source "ChessBase"]
[SourceDate "2015.07.17"]
[SourceVersion "1"]
[SourceVersionDate "2015.07.17"]
[SourceQuality "1"]

1. d4 e5 2. c3 exd4 3. cxd4 Nf6 4. Nc3 d5 5. Bf4 Nc6 6. e3 Bd6 7. Nf3 Bg4 8. Be2 Bxf4 9. exf4 Qd7 10. 0-0 0-0-0 11. Rc1 h5 12. Nb5 a6 13. Rxc6 axb5 14. Bxb5 Qf5 15. Qa4 Kb8 16. Ne5 h4 17. Qa5 h3 18. Qxc7+ Ka7 19. Ra6# 1-0

[Event "RE-2013-0-00114"]
[Site "LSS email"]
[Date "2013.06.10"]
[Round "?"]
[White "Bieszk, Stanislaw"]
[Black "Schoenbuchner, Gerhard"]
[Result "1-0"]
[WhiteElo "1205"]
[BlackElo "1103"]
[PlyCount "33"]
[EventDate "2013.04.17"]
[EventType "tourn (corr)"]
[EventRounds "6"]
[EventCountry "GER"]
[SourceTitle "Corr 2015"]
[Source "ChessBase"]
[SourceDate "2015.07.17"]
[SourceVersion "1"]
[SourceVersionDate "2015.07.17"]
[SourceQuality "1"]

1. a3 e5 2. c4 Nc6 3. Nc3 d6 4. d3 Be6 5. Nf3 Qd7 6. e3 0-0-0 7. b4 f6 8. Bb2 Nge7 9. b5 Nb8 10. Be2 h6 11. 0-0 g5 12. d4 g4 13. Nd2 Ng6 14. d5 Bf5 15. e4 Nf4 16. exf5 Qxf5 17. Bxg4 1-0